Gaming Quiz

Random Gaming or Video Games Quiz

Street Fighter III 3rd Strike Super Arts Quiz Stats

 Plays Quiz not verified by Sporcle

Score 0/62 Timer 08:00
0 Plays Today
Character Super Art % Correct
Ryu SAIIShin Shouryuu Ken
86.5%
Ryu SAIShinkuu Hadou Ken
84.3%
Akuma / Gouki MAXShun Goku Satsu
76.4%
Ryu SAIIIDenjin Hadou Ken
71.9%
Ken SAIShoryu Reppa
71.9%
Ken SAIIShinryu Ken
66.3%
Alex SAIHyper Bomb
65.2%
Alex SAIIIStun Gun Headbutt
65.2%
Urien SAIIIAegis Reflector
64%
Chun-Li SAIKikou Shou
62.9%
Dudley SAIIICorkscrew Blow
62.9%
Dudley SAIIRolling Thunder
61.8%
Elena SAIIIHealing
59.6%
Gill SAResurrection
58.4%
Yun SAIIIGen'ei Jin
55.1%
Twelve SAIIIX.C.O.P.Y.
55.1%
Yun SAIYouhou
52.8%
Alex SAIIBoomerang Raid
50.6%
Hugo SAIGigas Breaker
50.6%
Sean SAIHadou Burst
49.4%
Dudley SAIRocket Uppercut
48.3%
Hugo SAIIIHammer Frenzy
48.3%
Makoto SAISeichuusen Godanzuki
47.2%
Urien SAITyrant Slaughter
42.7%
Ibuki SAIIYoroi Doushi
42.7%
Sean SAIIShouryuu Cannon
42.7%
Ken SAIIIShippu Jinrai Kyaku
42.7%
Necro SAIIIElectric Snake
41.6%
Makoto SAIIAbare Tosanami
40.4%
Akuma / Gouki SAIMessatsu Gou Hadou
39.3%
Remy SAIIIBlue Nocturne
39.3%
Character Super Art % Correct
Akuma / Gouki SAIIMessatsu Gou Shouryuu
38.2%
Necro SAIISlam Dance
38.2%
Twelve SAIX.N.D.L.
38.2%
Oro SAIIITengu Stone
38.2%
Elena SAIIBrave Dance
38.2%
Sean SAIIIHyper Tornado
37.1%
Necro SAIMagnetic Storm
36%
Twelve SAIIX.F.L.A.T.
34.8%
Elena SAISpinning Beat
34.8%
Remy SAILight of Justice
33.7%
Hugo SAIIMegaton Press
32.6%
Gill SASeraphic Wing
31.5%
Akuma / Gouki SAIIIMessatsu Gou Rasen
28.1%
Q SAIIDeadly Double Combination
27%
Yang SAIIISei'ei Enbu
27%
Chun-Li SAIIITensei Ranka
23.6%
Urien SAIITemportal Thunder
22.5%
Makoto SAIIITanden Renki
21.3%
Remy SAIISupreme Rising Rage Flash
20.2%
Chun-Li SAIIHouyoku Sen
20.2%
Akuma / Gouki MAXKongou Kokuretsu Zan
19.1%
Ibuki SAIKasumi Suzaku
19.1%
Q SAIIITotal Destruction
19.1%
Ibuki SAIIIYami Shigure
18%
Oro SAIIYagyou Dama
18%
Q SAICritical Combo Attack
16.9%
Yang SAIRaishin Mahhaken
16.9%
Yang SAIITenshin Senkyuutai
16.9%
Oro SAIKishin Riki
15.7%
Yun SAIISourai Rengeki
14.6%
Gill SAMeteor Strike
10.1%

You're not logged in!

Compare scores with friends on all Sporcle quizzes.
OR
Log In

Show Comments

Extras

Top Quizzes Today


Score Distribution

Your Account Isn't Verified!

In order to create a playlist on Sporcle, you need to verify the email address you used during registration. Go to your Sporcle Settings to finish the process.

Report this User

Report this user for behavior that violates our Community Guidelines.

Details: